00686 a2200121 4500020001500000082001700015245035400032260006400386300003200450650002700482650002900509650002600538 a0784408262 a624.1821 ASC aComposite construction in steel and concrete V :bproceedings of the 5th international conference : July 18-23, 2004, Kruger National Park, Berg-en-Dal, Mpumalanga, South Africa /csponsored by United Engineering Foundation, Inc., Structural Engineering Institute of the American Society of Civil Engineers ; edited by Roberto T. Leon, Jörg Lange. aReston, Va. :bAmerican Society of Civil Engineers,cc2006. ax, 722 p. :bill. ;c22 cm. aComposite construction aBuilding, Iron and steel aConcrete construction